[Event "Kandidatklassen 1997"]
[Site "Esbjerg"]
[Date "1997.03.25"]
[Round "1"]
[White "Matthiesen, Arne"]
[Black "Matthiesen, Martin"]
[Result "1/2-1/2"]
[WhiteElo "2269"]
[BlackElo "2219"]
[PlyCount "29"]
[EventDate "1997.??.??"]

1. d4 Nf6 2. c4 e6 3. Nf3 b6 4. Nc3 Bb7 5. Bg5 Be7 6. e3 Ne4 7. Nxe4 Bxe4 8.
Bxe7 Qxe7 9. Be2 Bb7 10. O-O O-O 11. Nd2 d6 12. Bf3 c5 13. Bxb7 Qxb7 14. Nf3
Nd7 15. dxc5 1/2-1/2

[Event "Kandidatklassen 1997"]
[Site "Esbjerg"]
[Date "1997.03.25"]
[Round "1"]
[White "Nielsen, Uffe V"]
[Black "Lauridsen, Jesper Morch"]
[Result "1-0"]
[WhiteElo "2406"]
[BlackElo "2286"]
[PlyCount "113"]
[EventDate "1997.??.??"]

1. e4 c5 2. Nf3 d6 3. Bc4 Nc6 4. O-O Nf6 5. Re1 a6 6. a4 Bg4 7. d3 e6 8. Nbd2
Be7 9. h3 Bh5 10. Bb3 Qc7 11. c3 O-O 12. Nf1 d5 13. Bc2 Rad8 14. Qe2 Rfe8 15.
Ng3 Bxf3 16. Qxf3 dxe4 17. Nxe4 Nxe4 18. Rxe4 Rd5 19. h4 Qd8 20. Qg3 f5 21. Bh6
Bf8 22. Re2 Qd7 23. Rae1 Kh8 24. Bf4 h6 25. Qg6 e5 26. Bc1 Rd6 27. Qg3 Qf7 28.
Qf3 Red8 29. h5 Rf6 30. g3 f4 31. g4 g6 32. d4 cxd4 33. hxg6 Qd7 34. Be4 Ne7
35. cxd4 exd4 36. Bxf4 Nxg6 37. Be5 Nxe5 38. Qxf6+ Bg7 39. Qf5 Qxf5 40. gxf5 d3
41. Rd2 Rd4 42. Kg2 Bf8 43. f6 Bb4 44. Bxb7 Bxd2 45. Rxe5 Kg8 46. Bd5+ Kf8 47.
f7 Bb4 48. Re8+ Kg7 49. Rg8+ Kh7 50. Bb3 Rf4 51. Rg3 Bc5 52. Rxd3 Rxf2+ 53. Kh3
Rxb2 54. Rg3 Bd6 55. Bc4 Rb8 56. Rg8 Rf8 57. Bd3# 1-0

[Event "Kandidatklassen 1997"]
[Site "Esbjerg"]
[Date "1997.03.25"]
[Round "1"]
[White "Holst, Allan"]
[Black "Vistisen, Lars"]
[Result "1-0"]
[WhiteElo "2315"]
[BlackElo "2194"]
[PlyCount "111"]
[EventDate "1997.??.??"]

1. c4 Nf6 2. Nf3 g6 3. Nc3 d6 4. d4 Nbd7 5. e4 e5 6. Be2 Bg7 7. O-O a5 8. Re1
O-O 9. Bf1 h6 10. Rb1 Re8 11. d5 Nc5 12. Nd2 Nh5 13. b3 Nf4 14. Qc2 h5 15. a3
Qg5 16. Nf3 Qg4 17. Bxf4 exf4 18. Nb5 Qd7 19. b4 axb4 20. axb4 Na6 21. Qd2 Bh6
22. Nbd4 c5 23. bxc5 Nxc5 24. e5 Qd8 25. exd6 Rxe1 26. Rxe1 Bg4 27. Ne5 Qxd6
28. Nb5 Qf6 29. Qd4 Nd7 30. Nxd7 Qxd4 31. Nxd4 Bxd7 32. c5 Rc8 33. Re7 Ba4 34.
d6 Kf8 35. Rc7 Rd8 36. Bc4 Rd7 37. Rc8+ Kg7 38. Nb5 Bg5 39. Rc7 Bxb5 40. Bxb5
Rd8 41. Rxb7 f3 42. Bc4 Ra8 43. gxf3 Ra1+ 44. Kg2 Rc1 45. Rxf7+ Kh8 46. c6 Rxc4
47. c7 Kg8 48. Rd7 Bf4 49. Rd8+ Kg7 50. c8=Q Rxc8 51. Rxc8 Bxd6 52. Rc6 Be5 53.
Re6 Bb8 54. h3 h4 55. Re4 g5 56. f4 1-0

[Event "Kandidatklassen 1997"]
[Site "Esbjerg"]
[Date "1997.03.25"]
[Round "1"]
[White "Holmsgaard, Henrik"]
[Black "Pedersen, Nicolai Vesterbaek"]
[Result "1-0"]
[WhiteElo "2261"]
[BlackElo "2303"]
[PlyCount "70"]
[EventDate "1997.??.??"]

1. e4 e5 2. Nf3 Nc6 3. Nc3 Nf6 4. g3 Bc5 5. Bg2 d6 6. d3 a6 7. O-O Nd4 8. h3
O-O 9. Be3 Nxf3+ 10. Qxf3 Bxe3 11. Qxe3 c6 12. Rad1 b5 13. f4 Qe7 14. d4 Bb7
15. Rf2 Rad8 16. Rfd2 exd4 17. Qxd4 Rd7 18. e5 dxe5 19. Qxe5 Rc7 20. Rd6 Rfc8
21. Ne4 Nxe4 22. Bxe4 Qf8 23. Qf5 g6 24. Qf6 Re7 25. Bf3 Re3 26. Rd8 Re8 27.
Rxc8 Rxc8 28. Rd7 Ba8 29. Qd6 Qg7 30. Kf2 Qf8 31. Qxf8+ Kxf8 32. Ke3 Ke8 33.
Ra7 Rb8 34. Rxa8 Rxa8 35. Bxc6+ Kd8 1-0

[Event "Kandidatklassen 1997"]
[Site "Esbjerg"]
[Date "1997.03.25"]
[Round "1"]
[White "Friis, Carsten Bank"]
[Black "Hansen, Lars"]
[Result "1-0"]
[WhiteElo "2268"]
[BlackElo "2255"]
[PlyCount "49"]
[EventDate "1997.??.??"]

1. e4 c5 2. g3 e6 3. Bg2 d5 4. exd5 exd5 5. d4 cxd4 6. Ne2 Bg4 7. Qxd4 Nf6 8.
Bg5 Nc6 9. Qe3+ Be6 10. Nbc3 Be7 11. Bxf6 Bxf6 12. Bxd5 Nb4 13. O-O-O Nxd5 14.
Nxd5 O-O 15. Ndf4 Qa5 16. Nxe6 Rfe8 17. Qc5 Qxa2 18. N6d4 Qa1+ 19. Kd2 Qxb2 20.
Rb1 b6 21. Qb5 Qa3 22. Rb3 Qe7 23. Re3 Qd8 24. Rb1 h6 25. Rbb3 1-0

[Event "Kandidatklassen 1997"]
[Site "Esbjerg"]
[Date "1997.03.25"]
[Round "1"]
[White "Christiansen, Jens Jorgen"]
[Black "Pedersen, Daniel Vesterbaek"]
[Result "1/2-1/2"]
[WhiteElo "2234"]
[BlackElo "2317"]
[PlyCount "65"]
[EventDate "1997.??.??"]

1. d4 c5 2. d5 f5 3. g3 d6 4. Bg2 Nf6 5. Nh3 Nbd7 6. Nc3 g6 7. O-O Bg7 8. e4
fxe4 9. Ng5 Ne5 10. Ncxe4 Nxe4 11. Bxe4 Qb6 12. Qe2 Bd7 13. a4 O-O 14. f4 Ng4
15. Bf3 Nf6 16. c3 Rae8 17. a5 Qc7 18. Ne6 Bxe6 19. Qxe6+ Kh8 20. g4 Nd7 21. g5
c4 22. Qe4 b5 23. axb6 axb6 24. Bg4 b5 25. Be3 Nc5 26. Bxc5 Qxc5+ 27. Kg2 b4
28. Rf3 bxc3 29. bxc3 Ra8 30. Raf1 Ra2+ 31. Kh1 Rd2 32. Be6 Rd3 33. Rxd3
1/2-1/2

[Event "Kandidatklassen 1997"]
[Site "Esbjerg"]
[Date "1997.03.25"]
[Round "1"]
[White "Pedersen, Jan"]
[Black "Lindfeldt, Jan Magnus"]
[Result "1/2-1/2"]
[WhiteElo "2353"]
[BlackElo "2214"]
[PlyCount "211"]
[EventDate "1997.??.??"]

1. e4 e5 2. Nc3 Nc6 3. g3 g6 4. Bg2 Bg7 5. Nge2 d6 6. O-O Nge7 7. d3 Nd4 8.
Nxd4 exd4 9. Ne2 d5 10. exd5 Nxd5 11. Nf4 Ne7 12. b3 O-O 13. Ba3 Re8 14. Re1
Nf5 15. Rxe8+ Qxe8 16. Qe1 Qd8 17. Qa5 Bh6 18. Qe5 c6 19. Re1 Bd7 20. Bb4 Qb8
21. Qxb8+ Rxb8 22. Bh3 b6 23. Bxf5 Bxf5 24. Ng2 c5 25. Ba3 Be6 26. Bc1 Bxc1 27.
Rxc1 g5 28. a4 a6 29. h4 h6 30. hxg5 hxg5 31. f4 f6 32. Re1 Kf7 33. fxg5 fxg5
34. a5 Kf6 35. axb6 Rxb6 36. Kf2 Bd5 37. Ra1 Bb7 38. Ne1 Kf5 39. Nf3 Rf6 40.
Nh2 g4 41. Ra5 Ke6+ 42. Ke1 Kd6 43. Nxg4 Rg6 44. Nf2 Rxg3 45. Rxa6+ Bxa6 46.
Ne4+ Kc6 47. Nxg3 Bc8 48. Ne4 Bg4 49. Kd2 Bh5 50. Ng3 Bg4 51. Ne2 Bh5 52. Nf4
Bg4 53. Kc1 Bf5 54. Ne2 Bg4 55. Ng3 Kb5 56. Ne4 Kc6 57. Kb2 Be6 58. Ka3 Kb5 59.
Nd6+ Kc6 60. Nc4 Kb5 61. Ne5 Bh3 62. Kb2 Bf1 63. Kc1 Be2 64. Kd2 Bh5 65. Nd7
Bg4 66. Nf6 Bf3 67. Ne4 Bh5 68. Ng3 Bg4 69. Ne2 Bh5 70. Nc1 Kb4 71. Na2+ Ka3
72. Nc1 Kb4 73. Ne2 Kb5 74. Ng3 Bg4 75. Kc1 Bf3 76. Kb2 Bg4 77. Nf1 Be2 78. Nd2
Bh5 79. c4+ dxc3+ 80. Kxc3 Bf7 81. Ne4 Bg8 82. Nd6+ Kc6 83. Nc4 Kb5 84. Ne5 Be6
85. Nf3 Bd5 86. Ne1 Bh1 87. Nc2 Bd5 88. Kb2 Bf7 89. Kc3 Bg8 90. Na3+ Kc6 91.
Nc2 Kb5 92. b4 cxb4+ 93. Nxb4 Bh7 94. d4 Be4 95. Na2 Bd5 96. Nc1 Bc4 97. Nd3
Bxd3 98. Kxd3 Kc6 99. Ke4 Kd6 100. d5 Kd7 101. Ke5 Ke7 102. d6+ Kd7 103. Kd5
Kd8 104. Kc6 Kc8 105. d7+ Kd8 106. Kd6 1/2-1/2

[Event "Kandidatklassen 1997"]
[Site "Esbjerg"]
[Date "1997.03.26"]
[Round "2"]
[White "Hansen, Lars"]
[Black "Pedersen, Daniel Vesterbaek"]
[Result "1-0"]
[WhiteElo "2255"]
[BlackElo "2317"]
[PlyCount "45"]
[EventDate "1997.??.??"]

1. e4 e5 2. Nc3 Nf6 3. g3 b6 4. Bg2 Bb7 5. Nge2 d5 6. exd5 Nxd5 7. O-O Nxc3 8.
Nxc3 Bxg2 9. Kxg2 Nc6 10. f4 exf4 11. Rxf4 Bd6 12. Re4+ Be7 13. d4 O-O 14. d5
f5 15. Re6 Na5 16. Bf4 Qd7 17. Qd3 Bf6 18. Rae1 a6 19. d6 cxd6 20. Nd5 Bxb2 21.
Bxd6 Rf7 22. Qxa6 Rc8 23. Qxc8+ 1-0

[Event "Kandidatklassen 1997"]
[Site "Esbjerg"]
[Date "1997.03.26"]
[Round "2"]
[White "Lauridsen, Jesper Morch"]
[Black "Christiansen, Jens Jorgen"]
[Result "1/2-1/2"]
[WhiteElo "2286"]
[BlackElo "2234"]
[PlyCount "54"]
[EventDate "1997.??.??"]

1. e4 c6 2. d4 d5 3. exd5 cxd5 4. c4 Nf6 5. Nc3 g6 6. cxd5 Bg7 7. Qb3 O-O 8. g3
e6 9. dxe6 Re8 10. Be3 Bxe6 11. Qxb7 Nbd7 12. Bg2 Rb8 13. Qxa7 Rxb2 14. Nge2
Bc4 15. Bf3 Rxe3 16. fxe3 Ne5 17. dxe5 Qd2+ 18. Kf2 Qxc3 19. Qa8+ Bf8 20. Rac1
Rxe2+ 21. Bxe2 Ng4+ 22. Kg2 Nxe3+ 23. Kf3 Nc2+ 24. Kg2 Bxe2 25. e6 Ne3+ 26. Kf2
Ng4+ 27. Kg1 Qe3+ 1/2-1/2

[Event "Kandidatklassen 1997"]
[Site "Esbjerg"]
[Date "1997.03.26"]
[Round "2"]
[White "Holmsgaard, Henrik"]
[Black "Holst, Allan"]
[Result "1/2-1/2"]
[WhiteElo "2261"]
[BlackElo "2315"]
[PlyCount "59"]
[EventDate "1997.??.??"]

1. e4 c5 2. Nf3 g6 3. d4 cxd4 4. Nxd4 Bg7 5. Be2 Nc6 6. Nb3 Nf6 7. Nc3 O-O 8.
O-O d6 9. Bg5 b6 10. f4 Bb7 11. Bf3 Rc8 12. Re1 Nd7 13. Bg4 Rb8 14. Rb1 Nc5 15.
Nd5 Re8 16. c3 Kh8 17. f5 Nd7 18. Re3 Nce5 19. Rh3 Bxd5 20. exd5 Nf6 21. Bxf6
exf6 22. Nd4 Kg8 23. Nc6 Nxc6 24. dxc6 Qc7 25. Bf3 Re5 26. fxg6 hxg6 27. Bd5 b5
28. Qb3 a5 29. Rd1 f5 30. Qc2 1/2-1/2

[Event "Kandidatklassen 1997"]
[Site "Esbjerg"]
[Date "1997.03.26"]
[Round "2"]
[White "Nielsen, Uffe V"]
[Black "Friis, Carsten Bank"]
[Result "1/2-1/2"]
[WhiteElo "2406"]
[BlackElo "2268"]
[PlyCount "77"]
[EventDate "1997.??.??"]

1. e4 e5 2. Nf3 d6 3. Bc4 Be7 4. O-O Nf6 5. Re1 O-O 6. Bb3 Bg4 7. h3 Bh5 8. c3
Nbd7 9. d4 c6 10. Nbd2 Qc7 11. Bc2 Rfe8 12. Nf1 Bf8 13. Ng3 Bxf3 14. Qxf3 g6
15. Bg5 Bg7 16. Rad1 h6 17. Bc1 Kh7 18. Nf1 Nf8 19. a4 Ne6 20. d5 cxd5 21. exd5
Nd4 22. Qd3 Nxc2 23. Qxc2 Rac8 24. Qb3 b6 25. Be3 Nd7 26. Nd2 f5 27. f3 Nc5 28.
Qb5 a6 29. Qc4 Qb7 30. Nb3 b5 31. axb5 axb5 32. Nxc5 Rxc5 33. Qd3 Rc4 34. Ra1
e4 35. Qd2 Ra8 36. fxe4 Rxe4 37. Bf4 Qb6+ 38. Kh1 Rxa1 39. Rxa1 1/2-1/2

[Event "Kandidatklassen 1997"]
[Site "Esbjerg"]
[Date "1997.03.26"]
[Round "2"]
[White "Pedersen, Nicolai Vesterbaek"]
[Black "Vistisen, Lars"]
[Result "1-0"]
[WhiteElo "2303"]
[BlackElo "2194"]
[PlyCount "93"]
[EventDate "1997.??.??"]

1. e4 c5 2. c3 d5 3. exd5 Qxd5 4. d4 cxd4 5. cxd4 Nc6 6. Nf3 Bg4 7. Nc3 Bxf3 8.
gxf3 Qxd4 9. Qxd4 Nxd4 10. Nb5 Nc2+ 11. Kd1 Rc8 12. Nxa7 Rc5 13. Be3 Nxe3+ 14.
fxe3 f5 15. b4 Rd5+ 16. Kc2 e6 17. a3 Nf6 18. Bc4 Rd6 19. Nb5 Rb6 20. Rhd1 g6
21. Kb3 Bh6 22. Rd6 Rxd6 23. Nxd6+ Ke7 24. Nxb7 Bxe3 25. Rd1 Bf4 26. h3 g5 27.
Nc5 e5 28. Bd3 g4 29. hxg4 fxg4 30. fxg4 Nxg4 31. Bxh7 Nf2 32. Rd7+ Kf6 33. a4
Re8 34. Be4 Nxe4 35. Nxe4+ Ke6 36. Rd3 Rg8 37. a5 Rg1 38. a6 Ra1 39. b5 Bh2 40.
Nc5+ Kf5 41. Kb2 Ra5 42. b6 e4 43. Ra3 Be5+ 44. Kb3 Rxc5 45. a7 Rc3+ 46. Kb4
Rc8 47. b7 1-0

[Event "Kandidatklassen 1997"]
[Site "Esbjerg"]
[Date "1997.03.26"]
[Round "2"]
[White "Lindfeldt, Jan Magnus"]
[Black "Matthiesen, Martin"]
[Result "1-0"]
[WhiteElo "2214"]
[BlackElo "2219"]
[PlyCount "107"]
[EventDate "1997.??.??"]

1. e4 d6 2. d4 g6 3. c4 Bg7 4. Nc3 Nf6 5. Be2 O-O 6. Nf3 e5 7. O-O Nc6 8. d5
Ne7 9. Ne1 Nd7 10. Bg5 f5 11. Nd3 Nf6 12. f3 f4 13. c5 h6 14. Bh4 g5 15. Bf2
Ng6 16. a4 h5 17. cxd6 cxd6 18. Nb5 g4 19. Rc1 g3 20. hxg3 fxg3 21. Bxg3 h4 22.
Bf2 Nh5 23. Be3 Ng3 24. Rf2 Nf4 25. Nxf4 exf4 26. Bd4 Qg5 27. Bf1 h3 28. Rfc2
a6 29. Bxg7 Kxg7 30. Rc7+ Kg6 31. Nxd6 h2+ 32. Kxh2 Rh8+ 33. Kg1 Rh1+ 34. Kf2
Qh4 35. Nxc8 Nxf1+ 36. Ke2 Ng3+ 37. Kd3 Rxd1+ 38. Rxd1 Qh2 39. Rd2 Qg1 40. d6
Qe3+ 41. Kc2 Ne2 42. Ne7+ Kg5 43. Nf5 Qf2 44. Rg7+ Kh5 45. Rh7+ Kg6 46. Rg7+
Kh5 47. d7 Rd8 48. Rh7+ Kg6 49. Rg7+ Kh5 50. a5 Qc5+ 51. Kd1 Qxa5 52. Kxe2 b5
53. g4+ fxg3 54. f4 1-0

[Event "Kandidatklassen 1997"]
[Site "Esbjerg"]
[Date "1997.03.26"]
[Round "2"]
[White "Pedersen, Jan"]
[Black "Matthiesen, Arne"]
[Result "1/2-1/2"]
[WhiteElo "2353"]
[BlackElo "2269"]
[PlyCount "111"]
[EventDate "1997.??.??"]

1. e4 e6 2. d4 d5 3. Nd2 c5 4. Ngf3 cxd4 5. exd5 Qxd5 6. Bc4 Qd6 7. O-O Nf6 8.
Nb3 Nc6 9. Nbxd4 Nxd4 10. Qxd4 Qxd4 11. Nxd4 Bd7 12. h3 Rc8 13. Bb3 Bc5 14. Be3
O-O 15. Rfe1 Rfd8 16. c3 h6 17. Rad1 Bb6 18. f3 Be8 19. Nc2 Nd7 20. Bxb6 Nxb6
21. Rd4 Rxd4 22. Nxd4 Ba4 23. Kf2 Kf8 24. f4 Bxb3 25. axb3 Nd5 26. Kf3 Ne7 27.
Rd1 a6 28. b4 Rc4 29. g3 g5 30. b5 gxf4 31. bxa6 bxa6 32. gxf4 Ra4 33. b3 Ra2
34. c4 Rh2 35. Kg3 Rb2 36. Rd3 Rb1 37. Kf3 h5 38. Ke4 Re1+ 39. Re3 Rd1 40. Rd3
Re1+ 41. Re3 Rd1 42. Re2 Rh1 43. Ra2 Rxh3 44. Rxa6 Rc3 45. Ra2 h4 46. Ke5 Kg7
47. Kd6 Ng6 48. f5 exf5 49. Nxf5+ Kf6 50. Nd4 Re3 51. Kd5 h3 52. c5 Rc3 53. c6
Nf4+ 54. Kd6 Rd3 55. Kc5 Ke5 56. Nb5 1/2-1/2

[Event "Kandidatklassen 1997"]
[Site "Esbjerg"]
[Date "1997.03.27"]
[Round "3"]
[White "Pedersen, Daniel Vesterbaek"]
[Black "Matthiesen, Martin"]
[Result "1/2-1/2"]
[WhiteElo "2317"]
[BlackElo "2219"]
[PlyCount "63"]
[EventDate "1997.??.??"]

1. e4 d6 2. d4 Nf6 3. Nc3 g6 4. Nf3 Bg7 5. Bf4 O-O 6. Qd2 Bg4 7. O-O-O Nc6 8.
Be2 Bxf3 9. Bxf3 e5 10. dxe5 dxe5 11. Be3 Qe7 12. Qe2 Rad8 13. Nd5 Nxd5 14.
exd5 e4 15. dxc6 exf3 16. Qxf3 Qb4 17. c3 Bxc3 18. Qe2 Bg7 19. cxb7 Qxb7 20. g3
Rb8 21. b3 a5 22. Qc4 a4 23. Bc5 Rfe8 24. Rhe1 axb3 25. Rxe8+ Rxe8 26. axb3 Qc6
27. Be3 Qf6 28. Kd2 Rd8+ 29. Ke2 Rxd1 30. Kxd1 Qf3+ 31. Kd2 c6 32. h3 1/2-1/2

[Event "Kandidatklassen 1997"]
[Site "Esbjerg"]
[Date "1997.03.27"]
[Round "3"]
[White "Holmsgaard, Henrik"]
[Black "Nielsen, Uffe V"]
[Result "0-1"]
[WhiteElo "2261"]
[BlackElo "2406"]
[PlyCount "56"]
[EventDate "1997.??.??"]

1. e4 c5 2. Nf3 e6 3. d3 Nc6 4. g3 g6 5. Bg2 Bg7 6. O-O Nge7 7. Re1 d6 8. c3 e5
9. a3 O-O 10. b4 Be6 11. Nbd2 h6 12. Bb2 Qd7 13. d4 exd4 14. cxd4 cxb4 15. axb4
Nxb4 16. Ba3 a5 17. Rb1 Ba2 18. Rb2 Nec6 19. Nb3 Bxb3 20. Rxb3 Rfc8 21. d5 Ne5
22. Bxb4 axb4 23. Nd4 Rc4 24. Nc2 Qa4 25. Qb1 Nd7 26. Ne3 Rd4 27. Nc2 Rd2 28.
Nxb4 Nc5 0-1

[Event "Kandidatklassen 1997"]
[Site "Esbjerg"]
[Date "1997.03.27"]
[Round "3"]
[White "Pedersen, Nicolai Vesterbaek"]
[Black "Hansen, Lars"]
[Result "1-0"]
[WhiteElo "2303"]
[BlackElo "2255"]
[PlyCount "69"]
[EventDate "1997.??.??"]

1. e4 e6 2. d4 d5 3. Nd2 f5 4. exf5 exf5 5. Ndf3 Nf6 6. Ne2 Bd6 7. Nf4 O-O 8.
Be2 Nc6 9. O-O Ne7 10. c4 c6 11. Qb3 Re8 12. Re1 h6 13. Bf1 g5 14. Ne6 Bxe6 15.
Rxe6 Kf7 16. Re1 b6 17. h4 Ng4 18. hxg5 Qc7 19. Ne5+ Nxe5 20. dxe5 Bxe5 21.
gxh6 Ng8 22. cxd5 Kg6 23. Be2 Nf6 24. dxc6 Bh2+ 25. Kf1 Re4 26. Bd2 Rh4 27. g3
Qxc6 28. Bf3 Ne4 29. Kg2 Bxg3 30. fxg3 Qd6 31. Bf4 Rxf4 32. gxf4 Qd2+ 33. Re2
Qxf4 34. Bxe4 Qg4+ 35. Qg3 1-0

[Event "Kandidatklassen 1997"]
[Site "Esbjerg"]
[Date "1997.03.27"]
[Round "3"]
[White "Vistisen, Lars"]
[Black "Lauridsen, Jesper Morch"]
[Result "1-0"]
[WhiteElo "2194"]
[BlackElo "2286"]
[PlyCount "123"]
[EventDate "1997.??.??"]

1. e4 e6 2. d4 d5 3. Nc3 dxe4 4. Nxe4 Nd7 5. Nf3 Ndf6 6. Nxf6+ Nxf6 7. Bf4 Be7
8. Bd3 O-O 9. O-O Bd7 10. Ne5 Ba4 11. b3 Be8 12. c4 Bb4 13. Rc1 Ba3 14. Rc2 Kh8
15. Be2 a5 16. Bf3 c6 17. Qd2 Bb4 18. Qe3 Ng8 19. Rd1 Ne7 20. Be4 f6 21. Qh3
Nf5 22. Nf3 g5 23. Bc1 Qe7 24. Re2 Qg7 25. g4 Nd6 26. Bc2 a4 27. Bb2 axb3 28.
Bxb3 Bd7 29. Qg3 Ne8 30. c5 Ba5 31. Nd2 b5 32. Ne4 Bc7 33. Qg2 Bd8 34. Ng3 Nc7
35. Nh5 Qg6 36. Bc2 Qf7 37. a3 Nd5 38. h3 Bc7 39. Rde1 b4 40. axb4 Nxb4 41. d5
Nxd5 42. Rd1 e5 43. Be4 Be6 44. Qf3 Ra5 45. Rc2 Raa8 46. Ng3 Rfb8 47. Nf5 Rd8
48. Kh1 Rab8 49. Nd6 Qe7 50. Nf5 Qf8 51. h4 gxh4 52. Rg1 Nf4 53. g5 Rb3 54. Bc3
Ba5 55. Qxf4 Bxc3 56. Qxh4 Rb4 57. g6 Rd7 58. g7+ Rxg7 59. Rxg7 Qxg7 60. Nxg7
Rxe4 61. Qxe4 Bd5 62. Qxd5 1-0

[Event "Kandidatklassen 1997"]
[Site "Esbjerg"]
[Date "1997.03.27"]
[Round "3"]
[White "Matthiesen, Arne"]
[Black "Lindfeldt, Jan Magnus"]
[Result "1/2-1/2"]
[WhiteElo "2269"]
[BlackElo "2214"]
[PlyCount "83"]
[EventDate "1997.??.??"]

1. d4 Nf6 2. c4 g6 3. Nc3 Bg7 4. e4 d6 5. h3 O-O 6. Bg5 Nc6 7. d5 Nb8 8. Bd3 c6
9. Nf3 b5 10. O-O bxc4 11. Bxc4 Qa5 12. Re1 Rd8 13. Qd2 Ba6 14. Bxa6 Qxa6 15.
Rac1 Kf8 16. Rc2 Qb7 17. Bh6 a5 18. Bxg7+ Kxg7 19. Re3 a4 20. dxc6 Nxc6 21. Nd5
Nxd5 22. Qxd5 Rac8 23. Rec3 e6 24. Qd2 Na7 25. Qd4+ e5 26. Qxa4 Rxc3 27. Rxc3
Qxb2 28. Rc7 Nb5 29. Rc2 Qb1+ 30. Kh2 Qd1 31. Qb3 Nd4 32. Nxd4 Qxd4 33. Qf3 Rd7
34. g4 h6 35. h4 f6 36. h5 Qa4 37. Rb2 Rf7 38. Kg2 Qd7 39. hxg6 Kxg6 40. Rd2
Kg5 41. Qe3+ Kg6 42. f3 1/2-1/2

[Event "Kandidatklassen 1997"]
[Site "Esbjerg"]
[Date "1997.03.27"]
[Round "3"]
[White "Holst, Allan"]
[Black "Friis, Carsten Bank"]
[Result "1/2-1/2"]
[WhiteElo "2315"]
[BlackElo "2268"]
[PlyCount "85"]
[EventDate "1997.??.??"]

1. e4 e5 2. Nf3 d6 3. Bc4 Be7 4. O-O Nf6 5. d3 O-O 6. Nbd2 c6 7. c3 Bg4 8. h3
Bh5 9. Bb3 Nbd7 10. Re1 Qc7 11. Nf1 d5 12. Ng3 Bg6 13. Nh2 Nc5 14. Bc2 Rad8 15.
Qf3 dxe4 16. dxe4 Nfd7 17. Ng4 Rfe8 18. Nf5 Bf8 19. b4 Ne6 20. a3 c5 21. Ba4 a6
22. h4 b5 23. Bb3 a5 24. h5 cxb4 25. hxg6 hxg6 26. axb4 axb4 27. Be3 gxf5 28.
exf5 Ndc5 29. Qg3 Ne4 30. Qxe5 Qxe5 31. Nxe5 N6g5 32. f3 Rxe5 33. Bxg5 Bc5+ 34.
Kh2 Nxg5 35. Rxe5 Bd6 36. Rae1 bxc3 37. f4 Bxe5 38. Rxe5 c2 39. Rc5 Ne4 40.
Rxc2 Nd6 41. Rc7 Kf8 42. g3 Rb8 43. Rd7 1/2-1/2

[Event "Kandidatklassen 1997"]
[Site "Esbjerg"]
[Date "1997.03.27"]
[Round "3"]
[White "Christiansen, Jens Jorgen"]
[Black "Pedersen, Jan"]
[Result "0-1"]
[WhiteElo "2234"]
[BlackElo "2353"]
[PlyCount "92"]
[EventDate "1997.??.??"]

1. Nf3 g6 2. g3 Bg7 3. Bg2 Nf6 4. O-O O-O 5. d3 d6 6. c4 e5 7. Nc3 Re8 8. Qc2
Nc6 9. Nd5 Bg4 10. Nxf6+ Bxf6 11. e3 Qd7 12. Nd2 a5 13. Ne4 Bg7 14. Bd2 f5 15.
Ng5 h6 16. f3 Bh5 17. Nh3 g5 18. Nf2 Bg6 19. Bc3 Kh7 20. Qd2 b6 21. Rae1 Re7
22. Bh3 Qe8 23. d4 exd4 24. exd4 Rxe1 25. Rxe1 Qf7 26. b3 Re8 27. Rxe8 Qxe8 28.
f4 Qh8 29. fxg5 Bxd4 30. Bxd4 Qxd4 31. Qxd4 Nxd4 32. gxh6 Ne2+ 33. Kg2 f4 34.
Kf3 fxg3 35. Kxe2 gxf2 36. Kxf2 Bb1 37. a3 Ba2 38. Ke3 Bxb3 39. Kd4 Kxh6 40.
Kd5 b5 41. Kc6 bxc4 42. Be6 a4 43. Bf5 Kg5 44. Be4 Kf4 45. Bg6 c3 46. Kxc7 Ke5
0-1

[Event "Kandidatklassen 1997"]
[Site "Esbjerg"]
[Date "1997.03.28"]
[Round "4"]
[White "Pedersen, Nicolai Vesterbaek"]
[Black "Pedersen, Jan"]
[Result "1/2-1/2"]
[WhiteElo "2303"]
[BlackElo "2353"]
[PlyCount "40"]
[EventDate "1997.??.??"]

1. e4 e6 2. d4 d5 3. Nd2 Nf6 4. e5 Nfd7 5. c3 c5 6. Bd3 Nc6 7. Ne2 cxd4 8. cxd4
f6 9. exf6 Nxf6 10. Nf3 Bd6 11. O-O O-O 12. Bf4 Ne4 13. Bxd6 Qxd6 14. Bxe4 dxe4
15. Ng5 Qd5 16. f4 b6 17. Nc3 Qxd4+ 18. Qxd4 Nxd4 19. Ngxe4 Ba6 20. Rf2 Rad8
1/2-1/2

[Event "Kandidatklassen 1997"]
[Site "Esbjerg"]
[Date "1997.03.28"]
[Round "4"]
[White "Matthiesen, Martin"]
[Black "Vistisen, Lars"]
[Result "1-0"]
[WhiteElo "2219"]
[BlackElo "2194"]
[PlyCount "75"]
[EventDate "1997.??.??"]

1. d4 Nf6 2. c4 c5 3. d5 e6 4. Nc3 exd5 5. cxd5 d6 6. e4 g6 7. Nf3 a6 8. a4 Bg4
9. Be2 Bg7 10. O-O O-O 11. Bf4 Re8 12. Qc2 Nh5 13. Bg5 Bf6 14. Bh6 Nd7 15. h3
Bxf3 16. Bxf3 Bg5 17. Bxg5 Qxg5 18. Bxh5 Qxh5 19. f4 c4 20. Nd1 b5 21. Nf2 Qh6
22. Ng4 Qg7 23. e5 h5 24. Nf2 dxe5 25. f5 g5 26. Ne4 Nf6 27. axb5 axb5 28. d6
Nd7 29. b3 Rac8 30. Ra7 Red8 31. Qe2 g4 32. hxg4 hxg4 33. Rc7 Rxc7 34. dxc7 Rc8
35. Nd6 Qh6 36. Nxc8 g3 37. Qg4+ Kh7 38. Qh3 1-0

[Event "Kandidatklassen 1997"]
[Site "Esbjerg"]
[Date "1997.03.28"]
[Round "4"]
[White "Hansen, Lars"]
[Black "Christiansen, Jens Jorgen"]
[Result "0-1"]
[WhiteElo "2255"]
[BlackElo "2234"]
[PlyCount "72"]
[EventDate "1997.??.??"]

1. e4 c6 2. d4 d5 3. Nc3 dxe4 4. Nxe4 Nd7 5. Bc4 Ngf6 6. Ng5 e6 7. Qe2 Nb6 8.
Bd3 h6 9. N5f3 c5 10. dxc5 Bxc5 11. Ne5 Qc7 12. Ngf3 Nbd7 13. O-O O-O 14. Bf4
Bd6 15. h3 b6 16. Nxd7 Bxd7 17. Be5 Bxe5 18. Nxe5 Bc6 19. f4 Rad8 20. Rae1 Nd7
21. Ng4 Nc5 22. Nxh6+ gxh6 23. Qg4+ Kh8 24. Qh4 f5 25. g4 Kh7 26. b4 Ne4 27. g5
Qg7 28. Kh2 Qg6 29. gxh6 Qxh6 30. Qe7+ Kh8 31. b5 Rd7 32. Qb4 Bd5 33. Re2 Qxh3+
34. Kxh3 Rh7+ 35. Kg2 Rg8+ 36. Kf3 Rg3# 0-1

[Event "Kandidatklassen 1997"]
[Site "Esbjerg"]
[Date "1997.03.28"]
[Round "4"]
[White "Lindfeldt, Jan Magnus"]
[Black "Friis, Carsten Bank"]
[Result "1/2-1/2"]
[WhiteElo "2214"]
[BlackElo "2268"]
[PlyCount "65"]
[EventDate "1997.??.??"]

1. e4 e5 2. Nf3 d6 3. d4 Nf6 4. dxe5 Nxe4 5. Qd5 Nc5 6. Bg5 Be7 7. exd6 Qxd6 8.
Nc3 h6 9. Be3 c6 10. Qxd6 Bxd6 11. O-O-O Be7 12. Bc4 O-O 13. Rhe1 Be6 14. Bxc5
Bxc5 15. Bxe6 fxe6 16. Rxe6 Bxf2 17. Re7 b5 18. Ne4 Be3+ 19. Kb1 a5 20. Nf6+
Rxf6 21. Rxe3 Na6 22. Re7 Nc5 23. c3 Raf8 24. Kc2 R8f7 25. Rd8+ Rf8 26. Rd2
R8f7 27. Re8+ Rf8 28. Rxf8+ Kxf8 29. Ne5 Ke7 30. b4 axb4 31. cxb4 Na4 32. Kb3
Re6 33. Nd3 1/2-1/2

[Event "Kandidatklassen 1997"]
[Site "Esbjerg"]
[Date "1997.03.28"]
[Round "4"]
[White "Lauridsen, Jesper Morch"]
[Black "Pedersen, Daniel Vesterbaek"]
[Result "0-1"]
[WhiteElo "2286"]
[BlackElo "2317"]
[PlyCount "84"]
[EventDate "1997.??.??"]

1. e4 e5 2. Nf3 Nc6 3. Bb5 a6 4. Ba4 Nf6 5. O-O b5 6. Bb3 Bc5 7. c3 d6 8. d4
Bb6 9. dxe5 dxe5 10. Qxd8+ Nxd8 11. Nxe5 Nxe4 12. Bd5 Bb7 13. Bxe4 Bxe4 14. Re1
Bxb1 15. Ng6+ Ne6 16. Nxh8 Bf5 17. Re5 Bc2 18. Bg5 h6 19. Bh4 g5 20. Bg3 Ke7
21. Rc1 Bh7 22. Nxf7 Kxf7 23. Rce1 Re8 24. h4 Ng7 25. Rxe8 Nxe8 26. hxg5 hxg5
27. Be5 Nd6 28. Bxd6 cxd6 29. g4 Bd8 30. Kg2 Bf6 31. Kf3 Be5 32. Ke3 Ke6 33.
Ra1 Kd5 34. Rh1 Bg6 35. Rd1+ Kc4 36. Rh1 a5 37. Rg1 a4 38. Kd2 Bf4+ 39. Kd1 Bb1
40. b3+ axb3 41. axb3+ Kxb3 42. Ke2 Bc2 0-1

[Event "Kandidatklassen 1997"]
[Site "Esbjerg"]
[Date "1997.03.29"]
[Round "5"]
[White "Lindfeldt, Jan Magnus"]
[Black "Holst, Allan"]
[Result "0-1"]
[WhiteElo "2214"]
[BlackElo "2315"]
[PlyCount "36"]
[EventDate "1997.??.??"]

1. e4 c5 2. Nf3 e6 3. c3 d5 4. e5 Nc6 5. d4 Nh6 6. dxc5 Bxc5 7. b4 Bb6 8. h3 f6
9. Bf4 O-O 10. exf6 Qxf6 11. Bg5 Qf7 12. Be2 e5 13. b5 e4 14. bxc6 exf3 15.
Bxf3 Re8+ 16. Kf1 bxc6 17. g3 Ba6+ 18. Kg2 Be2 0-1